000 01306nam a2200277 a 4500
001 000002967
005 20250122110128.0
008 090706s1985 dr ac 000 0 spa d
040 _aDO-SdBNP
_bspa
_cBNPHU
082 _a305.42097285
_bC794n
100 1 _aCordero, Margarita
_939
245 1 0 _aNicaragua :
_blas mujeres frente al proceso electoral.
260 _aSanto Domingo :
_bAsociación Dominicana de Amistad con Nicaragua,
_c1985.
300 _a53 p. :
_bretr. ;
_c21 cm.
490 1 _aEdiciones populares feministas
500 _a"Estas entrevistas fueron publicadas en el periódico "El Nuevo diario" entre el 29 de octubre y el 3 de noviembre de 1984, en el orden en que aquí son reproducidas. Las entrevistas a Rosa Julia Esquivel María Lourdes Bolaños aparecen por primera vez en esta edición."-- Verso de la portada
590 _aInventariado, 2018/MFF
650 4 _aDerechos de la mujer
_zNicaragua
_99423
650 4 _aMujeres en la política
_zNicaragua
_99424
650 4 _aMujeres y socialismo
_zNicaragua
_99425
650 4 _aMujeres
_xCondiciones sociales
_zNicaragua
_99426
650 4 _aSufragio femenino
_zNicaragua
_99427
650 4 _aMujeres como guerrilleras
_zNicaragua
_99428
830 0 _aEdiciones populares feministas
_99429
910 _aValidado. Control de calidad MFF
999 _c2799
_d2799